Southville International School and Colleges
Your cart is empty.
  • Cart
  • Lists
    Public lists Eva Luna New books Lux_list list_1
    Your lists Log in to create your own lists
  • Log in to your account
  • Your cookies
  • Search history
Southville International School and Colleges
  • Advanced search
  • Recent comments
  • Most popular
  • Libraries

Log in to your account

Log in with GOOGLE


If you do not have an external account, but do have a local account, you can still log in:

  1. Home
  2. MARC view: What scientists think /
Normal view MARC view ISBD view

What scientists think / (Record no. 2173)

[ view plain ]
MARC details
000 -LEADER
fixed length control field 02169cam a22004094a 4500
001 - CONTROL NUMBER
control field 13761597
003 - CONTROL NUMBER IDENTIFIER
control field OSt
005 - DATE AND TIME OF LATEST TRANSACTION
control field 20140310181725.0
008 - FIXED-LENGTH DATA ELEMENTS--GENERAL INFORMATION
fixed length control field 041026s2005 enk b 001 0 eng
010 ## - LIBRARY OF CONGRESS CONTROL NUMBER
LC control number 2004025418
015 ## - NATIONAL BIBLIOGRAPHY NUMBER
National bibliography number GBA518276
Source bnb
016 7# - NATIONAL BIBLIOGRAPHIC AGENCY CONTROL NUMBER
Record control number 013124471
Source Uk
020 ## - INTERNATIONAL STANDARD BOOK NUMBER
International Standard Book Number 0415334268 (hardback : alk. paper)
020 ## - INTERNATIONAL STANDARD BOOK NUMBER
International Standard Book Number 0415334276 (pbk. : alk. paper)
035 ## - SYSTEM CONTROL NUMBER
System control number (OCoLC)ocm56834489
040 ## - CATALOGING SOURCE
Original cataloging agency DLC
Transcribing agency DLC
Modifying agency YDX
-- UKM
-- BAKER
-- IXA
-- PUL
-- VP@
-- YDXCP
-- LVB
-- DLC
042 ## - AUTHENTICATION CODE
Authentication code pcc
050 00 - LIBRARY OF CONGRESS CALL NUMBER
Classification number QH 309
Item number .K79 2005
082 00 - DEWEY DECIMAL CLASSIFICATION NUMBER
Classification number IB 570
Item number St2 2005
245 00 - TITLE STATEMENT
Title What scientists think /
Statement of responsibility, etc [edited by] Jeremy Stangroom.
260 ## - PUBLICATION, DISTRIBUTION, ETC. (IMPRINT)
Place of publication, distribution, etc London ;
-- New York :
Name of publisher, distributor, etc Routledge,
Date of publication, distribution, etc 2005.
300 ## - PHYSICAL DESCRIPTION
Extent xii, 194 p. ;
Dimensions 20 cm.
504 ## - BIBLIOGRAPHY, ETC. NOTE
Bibliography, etc Includes bibliographical references (p. [183]-186) and index.
505 0# - FORMATTED CONTENTS NOTE
Formatted contents note Introduction -- The interviews -- Darwinism and genes / Steve Jones -- Evolutionary psychology and the blank slate / Steven Pinker -- The human brain and consciousness / Susan Greenfield -- Science and the human animal / Kenan Malik -- Cybernetics and a post-human future / Kevin Warwick -- Psychiatry and schizophrenia / Robin Murray -- Microbiology, viruses and their threats / Dorothy Crawford -- On cancer research / Mike Stratton -- Animal experimentation, ethics and medical research / Colin Blakemore -- Science under threat / Norman Levitt -- Biodiversity / Edward O. Wilson -- Science: its dangers and its public / Martin Rees -- Further reading.
521 ## - TARGET AUDIENCE NOTE
Target audience note
Source Lexile
541 ## - IMMEDIATE SOURCE OF ACQUISITION NOTE
-- 1
562 ## - COPY AND VERSION IDENTIFICATION NOTE
Number of copies For circulation. 1 copy available in the collection
650 #0 - SUBJECT ADDED ENTRY--TOPICAL TERM
Topical term or geographic name as entry element Life sciences
Form subdivision Popular works.
650 #0 - SUBJECT ADDED ENTRY--TOPICAL TERM
Topical term or geographic name as entry element Science
Form subdivision Popular works.
650 #0 - SUBJECT ADDED ENTRY--TOPICAL TERM
Topical term or geographic name as entry element Scientists.
700 1# - ADDED ENTRY--PERSONAL NAME
Personal name Stangroom, Jeremy.
856 41 - ELECTRONIC LOCATION AND ACCESS
Materials specified Table of contents
Uniform Resource Identifier <a href="http://www.loc.gov/catdir/toc/ecip052/2004025418.html">http://www.loc.gov/catdir/toc/ecip052/2004025418.html</a>
856 42 - ELECTRONIC LOCATION AND ACCESS
Materials specified Publisher description
Uniform Resource Identifier <a href="http://www.loc.gov/catdir/enhancements/fy0651/2004025418-d.html">http://www.loc.gov/catdir/enhancements/fy0651/2004025418-d.html</a>
906 ## - LOCAL DATA ELEMENT F, LDF (RLIN)
a 7
b cbc
c orignew
d 1
e ecip
f 20
g y-gencatlg
942 ## - ADDED ENTRY ELEMENTS (KOHA)
Source of classification or shelving scheme Library of Congress Classification
Koha item type
Call number prefix
Holdings
Withdrawn status Lost status Source of classification or shelving scheme Damaged status Home library Current library Shelving location Date acquired Total Checkouts Full call number Barcode Date last seen Copy number Price effective from Koha item type
    Library of Congress Classification   Luxembourg Library Luxembourg Library International Baccalaureate Section 03/08/2013   QH 309 .K79 2005 15844 08/13/2013 1 10/03/2013 Books

What scientists think /

APA

Stangroom J., . (2005). What scientists think. London: Routledge.

Chicago

Stangroom Jeremy, . 2005. What scientists think. London: Routledge.

Harvard

Stangroom J., . (2005). What scientists think. London: Routledge.

MLA

Stangroom Jeremy, . What scientists think. London: Routledge. 2005.

  • Place hold
  • Print
  • Cite
  • Add to your cart (remove)
  • Save record
    BIBTEX Dublin Core MARCXML MARC (non-Unicode/MARC-8) MARC (Unicode/UTF-8) MARC (Unicode/UTF-8, Standard) MODS (XML) RIS
  • More searches
    Search for this title in:
    Other Libraries (WorldCat) Other Databases (Google Scholar) Online Stores (Bookfinder.com) Open Library (openlibrary.org)

Exporting to Dublin Core...

SOUTHVILLE LIBRARY

Southville International School and Colleges Library

1281 Tropical Ave. Cor. Luxembourg St., BF Homes International, Las Pinas City

Tel. No. 8256374 / 252358 Loc. 117/146

Powered by Koha